[Event "Chessable Masters | A Group"]
[Site "?"]
[Date "2020.06.20"]
[Round "1.1"]
[White "Artemiev, Vladislav"]
[Black "Harikrishna, Pentala"]
[Result "1-0"]
[WhiteElo "2769"]
[BlackElo "2690"]
[EventDate "2020.??.??"]
[Annotator "Bojkov,Dejan"]
[PlyCount "79"]
[Beauty "7696984051719"]
[EventType "simul"]
[EventRounds "2"]

1.Nf3 Nf6 2.c4 c5 3.Nc3 Nc6 4.d4 cxd4 5.Nxd4 e6 6.e4 Bb4 7.Nxc6 bxc6 8.Bd3 e5 {From the English opening the game smoothly transposed into the Sicilian.} 9.O-O O-O 10.h3 d6 ( {Another recent game of the Russian GM went} 10...h6 11.Na4 d5 12.a3 Bd6 13.cxd5 cxd5 14.exd5 e4 15.Bc2 Qe7 16.Re1 Bf5 17.Nc3 {Artemiev,V (2746)-Le,Q (2708) Khanty-Mansiysk 2019} ) 11.Be3 Bxc3 12.bxc3 Nd7 13.Qd2 $146 {The queen feels comfortable on the half-open d-file.} ( {Artemiev comes first with a novelty. An earlier game saw:} 13.Qa4 Nc5 14.Bxc5 dxc5 15.Qxc6 Bxh3 16.Rfd1 Qg5 17.Bf1 Bg4 {Vishnu,P (2538) -Thybo,J (2464) Lund 2017} ) 13...Nc5 14.Bc2 Be6 15.Rfd1 Nb7 ( {White is winning a pawn in case of} 15...Bxc4 16.Qxd6 Qxd6 17.Rxd6 ) 16.c5 $1 {No doubt this was also part of Artemiev's preparation. White is getting rid of the doubled pawn and enters an endgame where the bishop pair provides long-term pressure for him.} 16...dxc5 17.Qxd8 Rfxd8 18.Rxd8+ Rxd8 19.Rb1 Nd6 ( {There is no principal difference if Black chooses the other knight move:} 19...Na5 {True, Black does not fear:} 20.Bxc5 ( {Most likely White would have chosen} 20.a4 Nc4 21.Bxc5 {transposes into the game.} ) 20...Bxa2 21.Rb2 Be6 22.Bxa7 {which should be holdable for Black, albeit unpleasant.} ) 20.a4 ( {Nothing yields} 20.Rd1 Nb7 21.Rxd8+ Nxd8 22.Bxc5 Bxa2 23.Bxa7 Ne6 {with equality.} ) 20...Nc4 21.Bxc5 a5 {Only this is a mistake, but a serious one.} ( {Harikrishna needed to open air for the king first:} 21...h6 $1 {As the pawn is not yet hanging:} 22.Bxa7 ( {If} 22.Rb7 a6 {looks OK for Black as he is ready to counterattack in case of:} 23.Ra7 Rd2 24.Bb3 Rb2 25.Bxc4 Bxc4 {with equality.} ) ( {The rook trade} 22.Rd1 Rxd1+ 23.Bxd1 Nb2 24.Bc2 a6 {is desirable for Black who should be able to hold again.} ) 22...Na3 23.Rb2 Nxc2 ( {Not} 23...Rd2 24.Rb8+ ) 24.Rxc2 {is equal after both} 24...Bb3 ( {Or:} 24...Ra8 ) ) 22.Be7 $1 {Now Harikrishna needs to move out of the open file with his rook, and White's initiative unfolds by itself.} 22...Rc8 ( {Nothing changes} 22...Re8 23.Rb7 f6 24.Kf1 ) 23.Rb7 h6 24.Kf1 c5 25.Ke1 {Artemiev's king is wisely avoiding the color of the enemy bishop.} ( {Although strictly speaking this is not necessary:} 25.Ke2 Rc6 26.Rb5 {Now a move like} 26...Na3 {will be met with} 27.Rb8+ $1 Kh7 28.Bb3 Bxb3 29.Rxb3 Nc4 30.Rb5 {and White is winning.} ) 25...Rc6 26.Rb5 {There are too many black pawns on the opposite color of his bishop, and they drop one after another.} 26...Na3 27.Rb8+ Kh7 28.Bb3 Bxb3 ( {Nothing changes} 28...Nc4 29.Rb5 Nb6 30.Bc2 Nc4 31.Rxc5 Rxc5 32.Bxc5 ) 29.Rxb3 Nc4 30.Rb5 Rc7 31.Bxc5 f6 ( {Perhaps Harikrishna should have tried} 31...Rd7 {although White should be able to covert his edge as well after, say:} 32.Be3 ( {Not} 32.Ke2 Rd2+ ) 32...Nxe3 33.fxe3 Rd3 34.Ke2 Rxc3 35.Rxe5 ) 32.Ke2 Rd7 33.Be3 Rc7 34.Kd3 $1 {The rest is easy for the Russian GM.} 34...Nxe3 35.fxe3 Rd7+ 36.Kc2 Kg6 37.Rxa5 Kg5 38.g3 h5 39.Rd5 Rc7 40.a5 1-0

[Event "Chessable Masters | Final 8"]
[Site "?"]
[Date "2020.06.27"]
[Round "2.5"]
[White "Carlsen, Magnus"]
[Black "Caruana, Fabiano"]
[Result "1-0"]
[WhiteElo "2881"]
[BlackElo "2773"]
[EventDate "2020.??.??"]
[Annotator "Bojkov,Dejan"]
[PlyCount "89"]
[Beauty "7354594627079"]
[EventType "team-tourn"]

1.d4 Nf6 2.c4 e6 3.Nf3 c5 4.e3 d5 5.cxd5 exd5 6.Bb5+ Bd7 7.Bxd7+ Qxd7 ( {The main move remains} 7...Nbxd7 {which has already been tried against the world champion in the following game:} 8.O-O c4 9.a4 a6 10.a5 Bd6 11.b3 Rc8 12.bxc4 dxc4 13.Qa4 O-O 14.Ba3 b5 15.axb6 Nxb6 16.Qc2 Nbd5 {and game eventually ended in a draw, Carlsen,M (2837)-Ding,L (2774) Saint Louis 2017} ) 8.O-O Nc6 9.b3 cxd4 10.Nxd4 Nxd4 $146 {This is unusual. The capture seems to develop only the white pieces.} ( {The more obvious and logical move} 10...Be7 {was tried before:} 11.Bb2 O-O 12.Nd2 Rac8 13.Qb1 Rfe8 14.Nf5 Bd8 15.Rd1 Ne5 16.h3 {with the usual slight advantage for White (Black eventually held) in Timofeev,A (2593) -Bayramov,Z (2301) Budapest 2019} ) 11.Qxd4 Bd6 12.Bb2 ( 12.Nc3 O-O 13.Bb2 {might have transposed into the game.} ) 12...O-O 13.Nc3 Rfe8 {Intending Bd6-e5 that Carlsen simply prevents:} 14.Nxd5 $1 {By entering a favorable endgame.} 14...Bxh2+ ( 14...Nxd5 $4 15.Qxg7# ) 15.Kxh2 Qxd5 16.Qxd5 Nxd5 17.Rfd1 {It is not clear what Caruana was hoping for. The bishop is clearly better than the knight in the asymmetrical position, and even if Black has a way to hold this, it is far from obvious (and painless against Carlsen!)} 17...Red8 ( {If} 17...Rad8 18.Rac1 Nb4 19.Rxd8 Rxd8 20.Rc7 Nxa2 21.Rxb7 {and White's advantage only grows.} ) 18.Rac1 f6 19.Rd4 {Carlsen takes care of the b4-square and threatens to capitalize on the pin.} 19...Ne7 ( {Perhaps it was worth trying} 19...Nb6 {with the point to look for complications:} 20.Rc7 ( {True, White does not need to force anything and can mount pressure instead with} 20.Rc5 $5 {intending Rc5-b5 and a2-a4-a5 with a large edge.} ) 20...Rdc8 21.Rxb7 Rc2 22.Ba3 Rxf2 23.Bc5 Rxa2 24.Bxb6 axb6 25.Rdd7 {The seventh-rank rooks are a menace, but Black might be able to survive after} 25...Rb2 ) 20.Rc7 Nf5 21.Rg4 {This move allows some further chances for Black.} ( {Safer seems} 21.Rxd8+ $5 Rxd8 22.e4 ( {Not} 22.Rxb7 $2 Rd2 ) 22...Nd6 23.e5 $1 {Prolonging the diagonal for the bishop. White is strategically winning here.} ) 21...h5 $1 {Caruana forces the rook to a delicate square.} 22.Rg6 Re8 {Then fails to use it.} ( {The far from trivial idea} 22...Rac8 $1 23.Rxb7 {and then} 23...Re8 $3 {To prevent e3-e4 would have given survival chances to Black. The point is that after} 24.Rxa7 Ra8 $1 {White cannot trade rooks easily as his remaining rook is in jeopardy:} 25.Rxa8 ( {Therefore stronger is} 25.Rd7 Rxa2 26.Bxf6 Ra6 27.Rgxg7+ Nxg7 28.Rxg7+ Kf8 29.Bd4 {and White still has serious chances to win, but Black may well hold this.} ) 25...Rxa8 26.e4 Nd6 27.e5 ( 27.Bxf6 Kf7 $1 {drops the bishop.} ) 27...Rxa2 28.exd6 Rxb2 29.Rg3 {The rook is saved, but the point should be split after} 29...Rd2 ) 23.Bxf6 Re6 24.e4 $1 {Now it is all over for Black.} 24...Rxe4 ( {Equally helpless for Black is:} 24...Rxf6 25.Rxf6 gxf6 26.exf5 ) 25.Rg5 Rh4+ 26.Kg1 Re8 {Mate in one threat.} 27.g3 {Sufficiently good.} ( {A bit faster would have been:} 27.Bc3 $1 Rf4 28.g3 Rf3 29.Kg2 ) 27...Rg4 28.Rxf5 gxf6 29.Rxb7 h4 30.Rf4 Rxf4 31.gxf4 Ra8 ( {Against:} 31...Re4 32.Rxa7 Rxf4 {The most technical is:} 33.Ra4 $1 ) 32.Kg2 {Next Carlsen improves everything he has:} 32...a5 33.Kh3 a4 34.Kxh4 axb3 35.axb3 Ra5 36.Kg4 Rd5 37.b4 Kf8 38.b5 Ke8 39.f5 Kf8 40.b6 Rb5 41.f3 ( 41.Kh5 $1 {is already working.} ) 41...Ke8 42.f4 Kf8 {And converted with:} 43.Kh5 Rxf5+ 44.Kg6 Rxf4 45.Rc7 1-0

[Event "Lindores Abbey Rapid Challenge Final 8"]
[Site "?"]
[Date "2020.06.03"]
[Round "15.3"]
[White "Dubov, Daniil"]
[Black "Nakamura, Hikaru"]
[Result "1-0"]
[WhiteElo "2770"]
[BlackElo "2829"]
[EventDate "2020.??.??"]
[Annotator "Bojkov,Dejan"]
[PlyCount "89"]
[Beauty "7355555123282"]
[EventType "rapid"]

1.e4 e5 2.Nc3 {Armagedon games give this sensible do-not-allow-the-Berlin option to White.} 2...Nc6 3.g3 {At the end of the 1980s, the Russian GM Igor Glek made a name for this variation. The constant success he had over-the-board with the line helped him make it into the top 10 players in the world in his prime years.} 3...Bc5 4.Bg2 Nf6 5.Nge2 d6 6.d3 a6 7.O-O Be6 8.h3 ( {One of the latest GM games in this line was also played by Nakamura:} 8.Nd5 Bxd5 9.exd5 Ne7 10.d4 exd4 11.Nxd4 O-O 12.c4 Ng6 13.b3 {but he had the white pieces then, Nakamura,H (2736) -Gareyev,T (2598) Moscow 2019} ) 8...h6 {It is not obvious if this prophylaxis is needed.} ( {The immediate} 8...d5 $5 {looks more attractive as Black can hardly fear} 9.Bg5 dxe4 10.dxe4 h6 {as in Jancarik,J (2254)-Karasek,L (2195) Czechia 2014} ) 9.Kh2 {Dubov is ready for the key f2-f4 advance.} 9...d5 10.exd5 Nxd5 11.f4 {In time.} 11...exf4 12.Bxd5 $3 $146 {A fabulous novelty! It is reminiscent of the capture on d5 in the English opening after which the black bishop gets trapped in the middle of the board. The trade of the fianchettoed bishop is always a tough decision to make and players are usually have very concrete reasons. How much of this did Dubov prepare at home?} ( {An earlier game did not see White going anywhere after} 12.Nxf4 Nxf4 13.Bxf4 Qd7 14.a3 O-O-O 15.Ne4 Bb6 16.b4 {in fact, Black quickly seized the initiative and won in Scheerer,C (2416)-Fridman,D (2571) ICC INT 2002} ) 12...Bxd5 {And a losing mistake at once!} ( {Although, the truth is that Black is already losing a piece even after the best continuation:} 12...fxg3+ 13.Nxg3 Bxd5 14.Qh5 Ne7 15.Nxd5 Qxd5 16.Qxd5 Nxd5 17.Rf5 O-O-O 18.c4 Nb4 19.Rxc5 Nxd3 20.Rf5 {There is not enough compensation for the material, and Black should gradually lose.} ) 13.Nxf4 {The bishop is trapped in the middle of the board!} 13...Ne7 ( {If it retreats:} 13...Be6 {his brother will suffer:} 14.Nxe6 fxe6 15.Qh5+ ) 14.Qh5 c6 15.Ncxd5 cxd5 ( {After} 15...Nxd5 {the neatest win is} 16.Ne6 $1 Qe7 17.Nxc5 Qxc5 18.Qxf7+ {with extra material and decisive attack.} ) 16.Ne6 $1 {A multiple attack that nets Dubov loads of material.} 16...Qd6 17.Nxg7+ {The simplest.} ( {After} 17.Qxf7+ Kd7 {White needs to find the difficult} 18.Re1 {move which is completely unnecessary at this point.} ) 17...Kd7 18.Rxf7 Raf8 19.Bf4 {Winning the queen as well.} 19...Rxf7 ( {Or else Black is getting checkmated:} 19...Qc6 20.Qf5+ Kd8 21.Rxf8+ ) 20.Bxd6 Rf2+ 21.Kh1 Bxd6 22.Re1 Rhf8 23.Qg4+ {White is heavily ahead in material; all he needs is to consolidate his pieces.} 23...Kc6 24.Ne6 R8f6 25.Nd4+ Kb6 26.Re2 {Not allowing even random mating chances.} 26...Rf1+ 27.Kg2 Nc6 28.Nxc6 bxc6 29.c3 R1f5 30.b4 Kb7 31.Qg7+ Rf7 32.Qxh6 Bc7 33.Qe3 Bb6 34.d4 {Activity should not be allowed.} 34...Bc7 35.h4 a5 36.a3 a4 37.Qd3 Rf1 38.b5 {Now it is time for White to attack with his more powerful army.} 38...R1f6 39.bxc6+ Kxc6 40.Qa6+ Bb6 41.Qxa4+ Kb7 42.Qe8 Rf8 43.Re7+ Bc7 44.Qb5+ Rb6 45.Rxc7+ {The final touch which wins the bishop as well.} ( 45.Rxc7+ Kxc7 46.Qc5+ ) 1-0

[Event "Chessable Masters | Final 8"]
[Site "Online"]
[Date "2020.06.26"]
[Round "2.3"]
[White "Nakamura, Hikaru"]
[Black "Ding, Liren"]
[Result "0-1"]
[WhiteElo "2829"]
[BlackElo "2836"]
[EventDate "2020.??.??"]
[Annotator "Bojkov,Dejan"]
[PlyCount "160"]
[Beauty "5291668148230"]
[EventType "schev"]
[EventRounds "2"]

1.e4 e5 2.Nf3 Nc6 3.Bb5 Nf6 4.d3 Bc5 5.Bxc6 dxc6 6.O-O ( {The other direction that the top GMs are exploring nowadays is} 6.Nbd2 Nd7 7.Qe2 f6 8.Nh4 Nf8 9.f4 Ng6 10.Qh5 O-O 11.Nxg6 hxg6 12.Qxg6 exf4 13.Nb3 Bb4+ 14.Bd2 Bxd2+ 15.Kxd2 a5 16.Raf1 a4 17.Nc1 Ra5 18.h4 {Nepomniachtchi,I (2784)-Giri, A (2764) chess24.com INT 2020} ) 6...Nd7 7.Nbd2 O-O 8.Nc4 Re8 9.a4 a5 10.h4 {The move in front of the king is definitely daring and challenging, but in this game, the Chinese GM found the soft spot in White's idea.} 10...Nb6 $1 $146 {Ding found a very strong improvement upon their previous game.} ( {That went} 10...b6 11.Be3 Bf8 12.g3 f6 13.Bd2 Nc5 14.Ne3 Ne6 15.h5 c5 16.Nh4 Nd4 17.Bc3 Bh3 18.Re1 Be6 {and eventually ended in a draw, Nakamura,H (2736)-Ding,L (2791) chess24.com INT 2020} ) 11.Ne3 ( {Both captures obviously do not work well for Nakamura:} 11.Ncxe5 Bd6 12.Nc4 Nxc4 13.dxc4 Rxe4 ) ( {Even less appealing is} 11.Nfxe5 Nxc4 12.Nxc4 Qxh4 ) ( {Whereas} 11.Nxb6 {can be met with} 11...cxb6 $5 {intending ...b6-b5 with a pleasant game for Black thanks to his bishop pair and the possible play on both flanks.} ) 11...Bxe3 12.fxe3 ( {Worse is} 12.Bxe3 $6 Bg4 $1 {when the drawback of the early h2-h4 is evident.} ) 12...Nd7 $1 {Ding is sending his knight to the outpost on g4. Blitzing. Still in his home prep.} 13.Bd2 Nf6 14.Nh2 h5 {Apparently also part of the plan, although Black started using some time on his clock.} 15.Qf3 Qe7 16.Bc3 c5 ( {The immediate} 16...Ng4 $5 {was good as well.} ) 17.b3 Ng4 18.Be1 Ra6 19.Bg3 Rg6 ( {The little finesse} 19...Rf6 20.Qe2 Rg6 21.Nxg4 Bxg4 22.Qf2 {would have transposed into the game.} ) 20.Nxg4 Bxg4 21.Qf2 {Time to take stock. White's king is still weaker than its counterpart as we know that the h4-pawn can never come back. Furthermore, the comparison of the bishop strength is clearly in favor of the second player. Both these factors promise Ding a long-term edge, without any risk.} 21...Rd8 {Keeping an eye on the possible d3-d4 break.} 22.Kh2 b6 23.Qd2 $1 {Nakamura forces the f7-f6 move to separate Black's major pieces.} 23...f6 ( 23...Rgd6 24.Qc3 f6 {could have been played as well, but Black generally wants to attack on the kingside.} ) 24.Qc3 Rd6 25.Rf2 {In an ideal world, Black would send his king towards the queenside into safety then prepare g7-g5 and do his best to mate the white king.} 25...Kh7 ( {However, here is the real world, and} 25...Kf7 $4 {loses a key pawn after} 26.Qxe5 ) 26.Raf1 Be6 27.Rf3 Rg4 28.Qe1 Qe8 29.Kh1 Qg6 30.Qf2 {An important moment. Ding managed to tie Nakamura's pieces to the kingside defense.} 30...Qe8 ( {Black could have used this by sacrificing a piece:} 30...Bxb3 $5 31.cxb3 Rxd3 {After} 32.Kh2 Rxe4 {it is three pawns for a piece and a long-lasting initiative so Black should be clearly better.} ( {Perhaps both players considered only} 32...Rxb3 33.Rd1 {when the active white rook will definitely cause trouble for Black.} ) ) 31.Ra1 Kg8 32.Bh2 Rg6 {For the time being, Black avoids the rook swap.} ( {Which would have been initiated after} 32...Qd7 33.Rg3 $1 {As} 33...Rxh4 {is met with} 34.Rxg7+ ) 33.Qf1 Qd7 34.Rb1 Rg4 {Ding decided to swap a rook pair.} ( {The other possibility was} 34...c4 $5 {A breakthrough that both players should constantly consider. Apparently, Nakamura intended to defend with} 35.bxc4 ( {Worse is} 35.dxc4 $2 Rg4 ) ( {As well as the sharp} 35.d4 Rg4 36.dxe5 Rd2 ( {Or even} 36...fxe5 37.Bxe5 Rd2 {and in both cases, Black is faster in creating threats.} ) ) 35...Qxa4 36.Qc1 {although Black remains better in all cases.} ) 35.Rg3 Rxg3 36.Bxg3 Bg4 ( {Here} 36...c4 37.d4 cxb3 38.cxb3 {is less attractive for Black.} ) 37.Ra1 Qe6 38.Qf2 Kf7 $1 {At last, Black got a chance to send his king to the queenside, and he is gladly taking it.} 39.Rf1 Ke8 40.Qe1 Kd7 41.Qc3 Kc8 42.Kg1 Kb7 43.Rf2 Qe8 44.Rf1 Qg6 45.Kh2 Be6 46.Qe1 Qg4 47.Qc3 Bd7 48.Qe1 Bc6 49.Qf2 Rd8 50.Ra1 Rh8 {Ding is ready to lift the second rook to the g-file.} 51.Qf3 {Which Nakamura is actively opposing.} 51...Qe6 52.Rf1 Rh6 53.Qe2 Qe8 54.Qd1 Rh8 {At the end of the day, Black decided it is not worth it.} ( {However:} 54...Qh8 {would have promised Black more. Obviously, Ding did not believe that the situation is under control after} 55.d4 Bxe4 ( {Also interesting is} 55...Qh7 $5 56.d5 Be8 {intending Be8-g6 to win the e4 pawn.} 57.d6 cxd6 58.Qxd6 Bc6 ) 56.dxe5 {Anyone would stop the calculation here, but the cold-blooded machine finds the amazing coordination:} 56...Qg8 $1 ( {Not} 56...fxe5 57.Bxe5 ) 57.Qd7 Rh7 $3 58.e6 g5 59.e7 gxh4 60.Qxc7+ ( {Or} 60.e8=Q Qxg3+ 61.Kg1 Qxg2# ) 60...Ka6 {when Black's attack should prevail.} ) 55.Be1 Bd7 56.Kh1 Qg6 57.Kh2 Rd8 58.Bg3 Qg4 {Finally an endgame, but still an unpleasant one for White. The torture continues.} 59.Qxg4 Bxg4 60.Kg1 c6 61.Ra1 Ra8 62.Be1 b5 $1 {In order to fix some pawns on the light squares.} 63.Kf1 ( {Once more, a quote from the machine: "The pawn could have been taken."} 63.axb5 cxb5 64.Bxa5 {This seems silly as:} ( {But not this way:} 64.Rxa5 $2 Rxa5 65.Bxa5 Bd1 ) 64...b4 {followed by Kb7-c6-b5 traps the bishop, but math prevails philosophy after} 65.Kf1 $1 {The king is needed to protect the queenside pawns.} 65...Kc6 66.Ke1 Kb5 67.c4+ $1 {The key move.} 67...bxc3 68.Bxc3 Rxa1+ 69.Bxa1 Kb4 70.d4 {with a draw.} ) 63...Kb6 64.Bc3 b4 65.Bb2 Rd8 66.Ke1 Kc7 {Progress has been made on the queenside, and the time has come for the kingside to be opened at last.} 67.Kd2 Kd6 68.Rf1 Ke6 69.Ke1 Rg8 70.Kf2 g5 71.hxg5 fxg5 72.Kg3 ( {It seems as if the king was better in the center:} 72.Ke1 $1 h4 73.Rf2 ) 72...Rd8 73.Rf2 c4 $1 {This is what it was all about! The files are opened, and White needs to find a very thin path in order to save himself, in time-trouble.} 74.bxc4 ( {After} 74.dxc4 c5 $1 {intending Rd8-d1-b1 should win for Black. Then} ( {The immediate} 74...Rd1 75.c3 {is less precise.} ) 75.c3 Rd3 ) 74...c5 75.Rd2 ( {After} 75.Kh2 {White should not fear} 75...b3 ( {However, Black can mount more pressure with} 75...h4 $1 ) 76.Ba3 $1 ) 75...Rc8 76.Ba1 {The losing move.} ( {Passive defense might have saved Nakamura:} 76.Rf2 Rd8 77.Rd2 ) 76...Rf8 $1 {Ding's rook penetrates into the enemy camp, and it is all over.} 77.c3 ( {No, the rooks cannot be traded:} 77.Rf2 Rxf2 78.Kxf2 Bd1 ) ( {And:} 77.d4 Rf1 78.Bb2 Rb1 79.c3 b3 $1 80.dxc5 Rd1 81.Rxd1 Bxd1 {is hopeless for White.} ) 77...Rf1 78.Bb2 Bd1 $3 {A few seconds on the clock are good enough for Ding to find the mating net.} 79.d4 h4+ 80.Kh2 g4 ( 80...g4 {The end could have been} 81.g3 h3 {followed by Bd1-f3 and mate.} ) 0-1